|
|
|
|
| LEADER |
02329nam a2200493 i 4500 |
| 001 |
mzk03001267242 |
| 003 |
CZ BrMZK |
| 005 |
20200109112925.0 |
| 007 |
ta |
| 008 |
200109s1724 gw fr|||||00| ||gerod |
| 040 |
|
|
|a BOA001
|b cze
|e rda
|
| 041 |
0 |
|
|a ger
|a lat
|
| 072 |
|
7 |
|a 657
|x Účetnictví
|2 Konspekt
|9 4
|
| 072 |
|
7 |
|a 094
|x Staré tisky
|2 Konspekt
|9 12
|
| 080 |
|
|
|a 657
|2 MRF
|
| 080 |
|
|
|a 33
|2 MRF
|
| 080 |
|
|
|a 025.171
|2 MRF
|
| 080 |
|
|
|a (0.068)094
|2 MRF
|
| 100 |
1 |
|
|a Grupen, Joachim
|4 aut
|
| 245 |
1 |
0 |
|a Gründliche Information Von Amts-Verwalt-und Berechnungen, Als I. Von der Beamten Obliegenheit in genere, II. Von Formirung des Geld-Registers, und was bey der Einnahme zu beobachten, III. Desgleichen von der Geld-Ausgabe, IV. Vom Korn Register, V. Vom Dienst Register, VI. Was bey ablegender Rechnung zu beantworten, Aus bißheriger Experience abgefasset und ans Licht gegeben /
|c Von Joachim Grupen, Com. Palat. Caesareo, und p. t. Fürstlichen Waldeckischen Cammer-Rath
|
| 264 |
|
1 |
|a [Hannover] :
|b Verlegts Nicolaus Förster, Hof-Buch-Händler in Hannover,
|c 1724
|
| 300 |
|
|
|a 8 nečíslovaných stran, 160 stran ;
|c 4°
|
| 336 |
|
|
|a text
|b txt
|2 rdacontent
|
| 337 |
|
|
|a bez média
|b n
|2 rdamedia
|
| 338 |
|
|
|a svazek
|b nc
|2 rdacarrier
|
| 500 |
|
|
|a Rozsah: [8], 160 s.
|
| 500 |
|
|
|a Výzdoba: Na titulním listu nad impresem linka, iniciály, vlys, linky
|
| 501 |
|
|
|a Přívazek k: Neu vermehrter Getreuer und Ungetreuer Rechnungs-Beamter ... / Jacob Döpler
|
| 546 |
|
|
|a Text tištěn německy, v textu latinská slova
|
| 590 |
|
|
|a Poškozeno foxingem
|
| 650 |
|
7 |
|a účetnictví
|7 ph116911
|2 czenas
|
| 650 |
|
7 |
|a ekonomie
|7 ph114430
|2 czenas
|
| 650 |
|
7 |
|a historické knihovní fondy
|7 ph172933
|2 czenas
|
| 655 |
|
7 |
|a staré tisky
|7 fd422076
|2 czenas
|
| 700 |
1 |
|
|a Jiří
|b I.,
|c anglický král,
|d 1660–1727
|4 dte
|
| 856 |
4 |
2 |
|u https://reader.digitale-sammlungen.de/de/fs1/object/display/bsb10511142_00003.html
|y Digitalizovaný dokument
|z Exemplář z Bavorské státní knihovny
|
| 903 |
|
|
|a RP
|
| 910 |
|
|
|a NAG950
|b B - XVIII. G. aa. 8,1,přív.
|
| 978 |
|
|
|b Förster, Nikolaus
|a Hannover
|c 1724
|
| 984 |
|
|
|a Hannover
|b Německo
|
| 985 |
|
|
|a 1701-1750
|
| 990 |
|
|
|a BK
|
| 991 |
|
|
|k broumov
|
| 994 |
|
|
|a UP
|l MZK03
|b 001267239
|m přívazek
|n záznam 1. díla (pro objednání pokračujte kliknutím)
|